Lyrics to 'Somewhere in Brooklyn' by Bruno Mars - Statistics

General Stats
  • This quiz has been taken 25 times
  • The average score is 156 of 200
Answer Stats
Answer % Correct
Somewhere
100%
somewhere
100%
21
94%
a
94%
and
94%
at
94%
Brooklyn
94%
covered
94%
gold
94%
I
94%
in
94%
leather
94%
old
94%
She
94%
was
94%
years
94%
her
88%
high
88%
hip-hop
88%
listening
88%
Little
88%
lost
88%
Miss
88%
Nike
88%
Perfect
88%
she's
88%
She's
88%
sitting
88%
stop
88%
the
88%
to
88%
train
88%
we
88%
were
88%
along
81%
came
81%
conversating
81%
It's
81%
it's
81%
out
81%
there
81%
tops
81%
waiting
81%
Next
75%
Red
75%
started
75%
unfair
75%
While
75%
Before
69%
got
69%
name
69%
I'm
63%
looking
63%
Now
63%
if
56%
same
56%
again
50%
asking
50%
block
50%
do
50%
ever
50%
hope
50%
know
50%
meet
50%
On
50%
street
50%
they
50%
Circling
44%
kicking
44%
shop
44%
we'll
44%
wonder
44%
back
38%
Checking
38%
corner
38%
every
38%
Everyday's
38%
Green
38%
people's
38%
point
38%
rocks
38%
shoulders
38%
still
38%
Tapping
38%
will
38%
crowd
31%
flat
25%
or
25%
brush
19%
No matching quizzes found
Score Distribution
Percent of People with Each Score
Percentile by Number Answered
Your Score History
You have not taken this quiz